000 00370pab a2200145 454500
008 180718b1984 xxu||||| |||| 00| 0 eng d
100 _aSuy, Eric
245 _aDevelopments in international human rights law
260 _c1984
300 _a44-6
362 _aJune
650 _aCivil Liberties
773 _aInternational Commission of Jusrists Review
909 _a5646
999 _c5646
_d5646